Documento firmado por Don Antonio López de Santa Anna (Record no. 4635)
[ view plain ]
| 000 -CABECERA | |
|---|---|
| campo de control de longitud fija | 01886nam a2200409 a 4500 |
| 001 - NÚMERO DE CONTROL | |
| campo de control | BRCA_4941 |
| 005 - FECHA Y HORA DE LA ÚLTIMA TRANSACCIÓN | |
| campo de control | 20190320204853.0 |
| 008 - DATOS DE LONGITUD FIJA--INFORMACIÓN GENERAL | |
| campo de control de longitud fija | 211010s1822----mx-#######---#000-0#spa-# |
| 041 ## - CÓDIGO DE LENGUA | |
| Código de lengua del texto/banda sonora o título independiente | spa |
| 044 ## - CÓDIGO DEL PAÍS DE LA ENTIDAD EDITORA/PRODUCTORA | |
| Código MARC del país | mx |
| 084 ## - OTRO NÚMERO DE CLASIFICACIÓN | |
| Número de clasificación | DOC28 |
| Número de documento/Ítem | .L67 |
| -- | 1822 |
| 100 1# - ENTRADA PRINCIPAL--NOMBRE DE PERSONA | |
| Nombre de persona | López de Santa Anna, Antonio |
| Fechas asociadas al nombre | 1794-1876 |
| 9 (RLIN) | 12540 |
| 245 10 - MENCIÓN DE TÍTULO | |
| Título | Documento firmado por Don Antonio López de Santa Anna |
| Mención de responsabilidad, etc. | Antonio López de Santa Anna ... [et al.]. |
| 260 ## - PUBLICACIÓN, DISTRIBUCIÓN, ETC. | |
| Lugar de publicación, distribución, etc. | México |
| Fecha de publicación, distribución, etc. | 1822 |
| 300 ## - DESCRIPCIÓN FÍSICA | |
| Extensión | [3] fojas |
| Dimensiones | 30 x 21 cm. |
| 500 ## - NOTA GENERAL | |
| Nota general | Documento firmado el 15 de octubre de 1822. |
| 500 ## - NOTA GENERAL | |
| Nota general | Documento dirigido a Don Manuel de Herrera, Secretario de Estado y del Despacho de Relaciones, por Antonio López de Santa Anna, dándole cuenta del resultado de sus negociaciones contra el General Dávila del ejército español posesionado en Veracruz, pidiéndole su apoyo en caso de necesitarlo. |
| 500 ## - NOTA GENERAL | |
| Nota general | El documento contiene la leyenda DOC. #37. |
| 500 ## - NOTA GENERAL | |
| Nota general | Papel con marca de agua. |
| 500 ## - NOTA GENERAL | |
| Nota general | Estado de conservación: contiene una gran mancha de acidez en la parte superior y anotaciones con tinta roja. |
| 506 0# - NOTA DE RESTRICCIONES AL ACCESO | |
| Limitaciones de acceso | Fondo Reservado. Para su consulta es necesario credencial de usuario y carta de motivos. |
| 546 ## - NOTA DE LENGUA/LENGUAJE | |
| Nota de lengua/lenguaje | Texto en : español de principos del siglo XIX. |
| 600 14 - PUNTO DE ACCESO ADICIONAL DE MATERIA--NOMBRE DE PERSONA | |
| Nombre de persona | López de Santa Anna, Antonio |
| Fechas asociadas al nombre | 1794-1876 |
| Subdivisión general | Historia |
| 9 (RLIN) | 12498 |
| 651 #4 - PUNTO DE ACCESO ADICIONAL DE MATERIA--NOMBRE GEOGRÁFICO | |
| Nombre geográfico | México |
| Subdivisión general | Historia |
| Subdivisión cronológica | Primeros gobiernos independientes, 1821-1824 |
| 9 (RLIN) | 12541 |
| 700 1# - PUNTO DE ACCESO ADICIONAL--NOMBRE DE PERSONA | |
| Nombre de persona | Herrera, José Manuel de |
| 9 (RLIN) | 12417 |
| 700 1# - PUNTO DE ACCESO ADICIONAL--NOMBRE DE PERSONA | |
| Nombre de persona | Posada, Manuel de |
| 9 (RLIN) | 12542 |
| 700 1# - PUNTO DE ACCESO ADICIONAL--NOMBRE DE PERSONA | |
| Nombre de persona | Puente, Manuel de la |
| 9 (RLIN) | 12543 |
| 700 1# - PUNTO DE ACCESO ADICIONAL--NOMBRE DE PERSONA | |
| Nombre de persona | Serrano, José Manuel |
| 9 (RLIN) | 12544 |
| 700 1# - PUNTO DE ACCESO ADICIONAL--NOMBRE DE PERSONA | |
| Nombre de persona | Ceballos, José de |
| 9 (RLIN) | 12545 |
| 700 1# - PUNTO DE ACCESO ADICIONAL--NOMBRE DE PERSONA | |
| Nombre de persona | Serapio Calvo, Manuel |
| 9 (RLIN) | 12546 |
| 700 1# - PUNTO DE ACCESO ADICIONAL--NOMBRE DE PERSONA | |
| Nombre de persona | Castilla, Diego de |
| 9 (RLIN) | 12547 |
| 700 1# - PUNTO DE ACCESO ADICIONAL--NOMBRE DE PERSONA | |
| Nombre de persona | Lizardi, Miguel de |
| 9 (RLIN) | 12548 |
| 700 1# - PUNTO DE ACCESO ADICIONAL--NOMBRE DE PERSONA | |
| Nombre de persona | Antuñano, Teodoro de |
| 9 (RLIN) | 12549 |
| 700 1# - PUNTO DE ACCESO ADICIONAL--NOMBRE DE PERSONA | |
| Nombre de persona | Peréz, Manuel |
| 9 (RLIN) | 12550 |
| 902 ## - CATALOGADOR | |
| Iniciales | FDH |
| 942 ## - ELEMENTOS DE PUNTO DE ACCESO ADICIONAL (KOHA) | |
| Fuente del sistema de clasificación o colocación | Library of Congress Classification |
| Tipo de ítem Koha | Documentos |
| Estado de retiro | Estado de pérdida | Estado dañado | No para préstamo | Localización permanente | Ubicación/localización actual | Fecha de adquisición | Total de préstamos | Signatura topográfica completa | Código de barras | Fecha visto por última vez | Precio válido a partir de | Tipo de ítem Koha |
|---|---|---|---|---|---|---|---|---|---|---|---|---|
| El ejemplar forma parte de la colección y puede ser consultado según las políticas vigentes. | Biblioteca del Museo Franz Mayer (Rogerio Casas-Alatriste) | Biblioteca del Museo Franz Mayer (Rogerio Casas-Alatriste) | 21/10/2010 | DOC28 .L67 1822 | 5002 | 22/03/2019 | 22/03/2019 | Documentos |